书目信息 |
| 题名: |
学龄儿童体育健康教育
|
|
| 作者: | 李合 , 时维金 主编 | |
| 分册: | ||
| 出版信息: | 上海 东华大学出版社 2020.12 |
|
| 页数: | 232页 | |
| 开本: | 24cm | |
| 丛书名: | ||
| 单 册: | ||
| 中图分类: | G613.7 , G617 | |
| 科图分类: | ||
| 主题词: | 学前儿童--体育教育 , 学前儿童--健康教育 | |
| 电子资源: | ||
| ISBN: | 978-7-5669-1845-1 | |
| 000 | 01010nam0 2200265 45 | |
| 001 | 012001003231 | |
| 005 | 20140909083940.0 | |
| 010 | @a978-7-5669-1845-1@dCNY78.00 | |
| 100 | @a20210423d2020 em y0chiy0110 ea | |
| 101 | 0 | @achi |
| 102 | @aCN@b310000 | |
| 105 | @aa z 000yy | |
| 106 | @ar | |
| 200 | 1 | @a学龄儿童体育健康教育@Axue ling er tong ti yu jian kang jiao yu@f李合, 时维金主编 |
| 210 | @a上海@c东华大学出版社@d2020.12 | |
| 215 | @a232页@c图@d24cm | |
| 330 | @a本书在全面分析学龄儿童身体解剖结构的基础上,论述了学龄儿童生长发育规律与评价,而后对学龄儿童运动科学常识进行了阐述,并详细阐明了学龄儿童常见运动损伤与运动性病症的处理与预防,最后概述了学龄儿童健康教育与健康促进,并精选介绍了学龄儿童基本身体活动组织原则、要素、方法及实例。 | |
| 606 | 0 | @a学前儿童@x体育教育 |
| 606 | 0 | @a学前儿童@x健康教育 |
| 690 | @aG613.7@v5 | |
| 690 | @aG617@v5 | |
| 701 | 0 | @a李合@Ali he@4主编 |
| 701 | 0 | @a时维金@Ashi wei jin@4主编 |
| 801 | @aCN@bAHXH@c20210922 | |
| 905 | @b1325115-9@dG613.7@e2272@f5 | |
| 学龄儿童体育健康教育/李合, 时维金主编.-上海:东华大学出版社,2020.12 |
| 232页:图;24cm |
| ISBN 978-7-5669-1845-1:CNY78.00 |
| 本书在全面分析学龄儿童身体解剖结构的基础上,论述了学龄儿童生长发育规律与评价,而后对学龄儿童运动科学常识进行了阐述,并详细阐明了学龄儿童常见运动损伤与运动性病症的处理与预防,最后概述了学龄儿童健康教育与健康促进,并精选介绍了学龄儿童基本身体活动组织原则、要素、方法及实例。 |
| ● |
| 相关链接 |
|
|
|
|
正题名:学龄儿童体育健康教育
索取号:G613.7/2272
 
预约/预借
| 序号 | 登录号 | 条形码 | 馆藏地/架位号 | 状态 | 备注 |
| 1 | 1325115 | 213251158 | 第一样本阅览室/ [索取号:G613.7/2272] | 在馆 | |
| 2 | 1325116 | 213251167 | 教育系资料室/ [索取号:G613.7/2272] | 在馆 | |
| 3 | 1325117 | 213251176 | 教育系资料室/ [索取号:G613.7/2272] | 在馆 | |
| 4 | 1325118 | 213251185 | 第四借阅区/ [索取号:G613.7/2272] | 在馆 | |
| 5 | 1325119 | 213251194 | 第四借阅区/ [索取号:G613.7/2272] | 在馆 |